[Event "JOR-ch sf"]
[Site "Amman"]
[Date "2009.03.27"]
[Round "2"]
[White "Al Jada, Ghaleb"]
[Black "Barakat, Nafez"]
[Result "1-0"]
[WhiteElo "2054"]
[BlackElo "1839"]
[PlyCount "69"]
[EventDate "2009.03.26"]
[EventType "swiss"]
[EventRounds "9"]
[EventCountry "JOR"]
[SourceTitle "EXT 2022"]
[Source "ChessBase"]
[SourceDate "2021.10.06"]
[SourceVersion "1"]
[SourceVersionDate "2021.10.06"]
[SourceQuality "1"]

1. Nf3 Nf6 2. c4 g6 3. Nc3 Bg7 4. g3 d6 5. d4 0-0 6. Bg2 Nbd7 7. 0-0 e5 8. dxe5 dxe5 9. Qc2 c6 10. h3 h6 11. Rd1 Qc7 12. Nh4 Kh7 13. Be3 Nh5 14. Nf5 Nb6 15. Nxg7 Kxg7 16. c5 Nc4 17. Bc1 b5 18. b3 Na5 19. Qd2 g5 20. Ne4 Bf5 21. Bb2 Rad8 22. Nd6 Bg6 23. Bxe5+ Kh7 24. Bc3 Nb7 25. Qd4 f6 26. b4 Nxd6 27. cxd6 Qd7 28. Qc5 Rc8 29. a4 a6 30. Qd4 c5 31. bxc5 Rxc5 32. Ra3 Rfc8 33. Bb4 Ng7 34. Bxc5 Ne6 35. Qxf6 1-0